000 00420nam a2200157Ia 4500
003 GCL
008 140319s9999 xx 000 0 eng d
040 _aGCL /
_cGCL
082 0 4 _a739.270932
_bA A
100 1 _aANDREWS, CAROL
245 1 0 _aANCIENT EGYPTIAN JEWELLERY /
_cANDREWS, CAROL
260 _a[S.N] :
_bBRITISH MUSUM PUBLICATIONS
650 0 4 _aEGYPTIAN JEWELLERY
650 0 4 _aANCIENT PERIOD
942 _2ddc
_cBK
999 _c17227
_d17227